Manual de Espacio Publico (Registro nro. 323927)

Detalles MARC
000 -ENCABEZADO
Número de control [NR] 01431nam a22003257a 4500
005 - FECHA Y HORA DE LA ÚLTIMA TRANSACCIÓN
control field 20240523115529.0
008 - DE LONGITUD FIJA DE DATOS DE ELEMENTOS - INFORMACIÓN GENERAL
Elementos de longitud fija [NR] 240227t ||||| |||| 00| 0 spa d
020 ## - NUMERO INTERNACIONAL NORMALIZADO PARA LIBROS [R]
Número Internacional Normalizado del libro [NR] 9789588964737
040 ## - FUENTE DE CATALOGACION [NR]
Agencia de catalogación original [NR] CO-BoUCM
Quien Cataloga David Moreno
Quien Clasifica David Moreno
041 ## - CODIGO DE IDIOMA [R]
Código de idioma para texto/pista de sonido o título separado [R] Español
110 ## - ASIENTO PRINCIPAL--NOMBRE CORPORATIVO [NR]
Nombre corporativo o de jurisdicción como elemento de entrada [NR] Secretaría Distrital de Planeación
ID de autoridad 180110
245 1# - MENCION DE TITULO [NR]
Título [NR] Manual de Espacio Publico
Mención de responsabilidad, etc. [NR] Secretaría Distrital de Planeación
246 ## - FORMA VARIANTE DEL TITULO [R]
Título propiamente dicho/forma breve del título [NR] MEP
260 ## - PUBLICACION, DISTRIBUCION, ETC. (PIE DE IMPRENTA) [R]
Lugar de publicación, distribución, etc. [R] Bogota, COL
Nombre del editor, distribuidor, etc. [R] Comercializadora Comsila S.A.S
Fecha de publicación, distribución, etc. [R] 2023
300 ## - DESCRIPCION FISICA [R]
Extensión [R] 529 Paginas
Otros detalles físicos [NR] ilustraciones y graficas a color
504 ## - NOTA DE BIBLIOGRAFIA, ETC. [R]
Nota de bibliografía, etc. [NR] Incluye referencias bibliográficas e índices
650 17 - ASIENTO SECUNDARIO DE MATERIA - TERMINO TEMATICO [R]
Término temático o nombre geográfico como elemento de entrada [NR] Espacio público
Subdivisión general [R] Aspectos sociales
Subdivisión cronológica [R] 2022-2035
9 (RLIN) 180111
650 17 - ASIENTO SECUNDARIO DE MATERIA - TERMINO TEMATICO [R]
Término temático o nombre geográfico como elemento de entrada [NR] Sociología urbana
Subdivisión cronológica [R] 2022-2035
Subdivisión geográfica [R] Bogotá (Colombia)
9 (RLIN) 180112
650 17 - ASIENTO SECUNDARIO DE MATERIA - TERMINO TEMATICO [R]
Término temático o nombre geográfico como elemento de entrada [NR] Arquitectura del paisaje urbano
Subdivisión cronológica [R] 2022-2035
Subdivisión geográfica [R] Bogotá (Colombia)
9 (RLIN) 180113
650 17 - ASIENTO SECUNDARIO DE MATERIA - TERMINO TEMATICO [R]
Término temático o nombre geográfico como elemento de entrada [NR] Urbanismo
Subdivisión cronológica [R] 2022-2035
Subdivisión geográfica [R] Bogotá (Colombia)
9 (RLIN) 180114
710 1# - ASIENTO SECUNDARIO - NOMBRE CORPORATIVO [R]
Nombre corporativo o de jurisdicción como elemento de entrada [NR] Instituto de Desarrollo Urbano IDU
9 (RLIN) 180115
710 1# - ASIENTO SECUNDARIO - NOMBRE CORPORATIVO [R]
Nombre corporativo o de jurisdicción como elemento de entrada [NR] Secretaría Distrital de Ambiente
9 (RLIN) 180116
710 1# - ASIENTO SECUNDARIO - NOMBRE CORPORATIVO [R]
Nombre corporativo o de jurisdicción como elemento de entrada [NR] Jardín Botánico de Bogotá
9 (RLIN) 180117
710 1# - ASIENTO SECUNDARIO - NOMBRE CORPORATIVO [R]
Nombre corporativo o de jurisdicción como elemento de entrada [NR] Secretaría Distrital de la Mujer
9 (RLIN) 180118
710 1# - ASIENTO SECUNDARIO - NOMBRE CORPORATIVO [R]
Nombre corporativo o de jurisdicción como elemento de entrada [NR] Secretaría Distrital de Movilidad
9 (RLIN) 180119
710 1# - ASIENTO SECUNDARIO - NOMBRE CORPORATIVO [R]
Nombre corporativo o de jurisdicción como elemento de entrada [NR] Instituto Distrital de Recreación y Deporte - IDRD
9 (RLIN) 180120
710 1# - ASIENTO SECUNDARIO - NOMBRE CORPORATIVO [R]
Nombre corporativo o de jurisdicción como elemento de entrada [NR] Instituto Distrital de Patrimonio Cultural
9 (RLIN) 180121
942 ## - ELEMENTOS DE ENTRADA AGREGADOS (KOHA)
Sistema de clasificación DEWEY
Tema principal Arte
Tipo de ítem principal el descrito en 300a Libro
Edición 1
Clasificación 711.4
Parte restante de la signatura top. S446mep
Título oculto en OPAC No
Existencias
Signatura topográfica Código de barras Última vez visto Ejemplar Costo de reposición Price effective from Tipo de ítem Perdido Sistema de clasificación Dañado No prestable Tipo de ítem específico Suprimido Ubicación habitual Ubicación actual Localización Fecha de creación Forma de adquisición
711.4 S446mep 100172352 06/12/2025 Ej.1 26000.00 27/02/2024 Libro   DEWEY     Libro   Claustro Claustro 2do piso 27/02/2024 Donación